The noble scholar, jurist, historian


 His Excellency Dr. Abdul Wahhab bin Ibrahim Abu Sulaiman, may Allah have mercy on him.


 He was born in Umm Al-Qura in the year 1356 AH.

التحفة النبهانية في تاريخ الجزيرة العربية / (Record no. 14143)

MARC details
000 -LEADER
fixed length control field 03248cam a2200349 i 4500
003 - CONTROL NUMBER IDENTIFIER
control field SA-RiAUC
005 - DATE AND TIME OF LATEST TRANSACTION
control field 20260123142254.0
008 - FIXED-LENGTH DATA ELEMENTS--GENERAL INFORMATION
fixed length control field 260107s1926 ua a g 000r0 ara c
040 ## - CATALOGING SOURCE
Original cataloging agency SA-MaHRM
Language of cataloging ara
Transcribing agency SA-RiAUC
Description conventions rda
043 ## - GEOGRAPHIC AREA CODE
Geographic area code ar-----
082 04 - DEWEY DECIMAL CLASSIFICATION NUMBER
Classification number 953.001
Assigning agency SA-RiAUC
090 ## - LOCALLY ASSIGNED LC-TYPE CALL NUMBER (OCLC); LOCAL CALL NUMBER (RLIN)
Classification number (OCLC) (R) ; Classification number, CALL (RLIN) (NR) م ن 953.001
Local cutter number (OCLC) ; Book number/undivided call number, CALL (RLIN) ن ب هـ
100 1# - MAIN ENTRY--PERSONAL NAME
Personal name النبهاني، محمد بن خليفة بن حمد،
Dates associated with a name 1301-1369 هجري
Relator term مؤلف.
245 12 - TITLE STATEMENT
Title التحفة النبهانية في تاريخ الجزيرة العربية /
Statement of responsibility, etc. تأليف محمد خليفة بن حمد بن موسى النبهاني الطائي المكي المالكي.
246 30 - VARYING FORM OF TITLE
Title proper/short title تاريخ الجزيرة العربية
250 ## - EDITION STATEMENT
Edition statement الطبعة الثانية.
264 #1 - PRODUCTION, PUBLICATION, DISTRIBUTION, MANUFACTURE, AND COPYRIGHT NOTICE
Place of production, publication, distribution, manufacture [مكان النشر غير محدد] :
Name of producer, publisher, distributor, manufacturer [الناشر غير محدد]،
Date of production, publication, distribution, manufacture, or copyright notice [1926]
264 #3 - PRODUCTION, PUBLICATION, DISTRIBUTION, MANUFACTURE, AND COPYRIGHT NOTICE
Place of production, publication, distribution, manufacture القاهرة :
Name of producer, publisher, distributor, manufacturer المطبعة المحمودية التجارية
300 ## - PHYSICAL DESCRIPTION
Extent 10 مجلد :
Other physical details رسوم ؛
Dimensions 28 سم
336 ## - CONTENT TYPE
Content type term نص
Content type code txt
Source rdacontent
Materials specified كتاب
337 ## - MEDIA TYPE
Media type term بدون وسيط
Media type code n
Source rdamedia
338 ## - CARRIER TYPE
Carrier type term مجلد
Carrier type code nc
Source rdacarrier
500 ## - GENERAL NOTE
General note يوجد في أولها تقاريظ التحفة النبهانية الأول.
651 #7 - SUBJECT ADDED ENTRY--GEOGRAPHIC NAME
Geographic name شبه الجزيرة العربية
General subdivision تاريخ
Source of heading or term aucsh
856 4# - ELECTRONIC LOCATION AND ACCESS
Uniform Resource Identifier <a href="http://10.10.10.21/hipres/8810/book.Web/bookTestPage.html">http://10.10.10.21/hipres/8810/book.Web/bookTestPage.html</a>
856 4# - ELECTRONIC LOCATION AND ACCESS
Uniform Resource Identifier <a href="http://10.0.0.80:1112/Faisal/8810.pdf">http://10.0.0.80:1112/Faisal/8810.pdf</a>
856 ## - ELECTRONIC LOCATION AND ACCESS
Uniform Resource Identifier <a href="https://www.wdl.org/ar/item/12961/view/1/1/">https://www.wdl.org/ar/item/12961/view/1/1/</a>
Link text Digital Copy
Access method نرجو الانتباه لإمكانية وجود اختلاف في الطبعة أو الناشر بين البيانات على البوابة وما ستجده على الكتاب نظرا لمحدودية المعلومات المتاحة على الموقع الناشر للمادة.
Materials specified Please note that there may be a difference in the edition or publisher between the data on the portal and the book due to the limited information available on the publisher website for the material.
856 ## - ELECTRONIC LOCATION AND ACCESS
Uniform Resource Identifier <a href="https://www.wdl.org/ar/item/12961/#languages=ara&amp;page=17">https://www.wdl.org/ar/item/12961/#languages=ara&amp;page=17</a>
Link text External Link
Access method نرجو الانتباه لإمكانية وجود اختلاف في الطبعة أو الناشر بين البيانات على البوابة وما ستجده على الكتاب نظرا لمحدودية المعلومات المتاحة على الموقع الناشر للمادة.
Materials specified Please note that there may be a difference in the edition or publisher between the data on the portal and the book due to the limited information available on the publisher website for the material.
856 ## - ELECTRONIC LOCATION AND ACCESS
Uniform Resource Identifier <a href="https://content.wdl.org/12961/thumbnail/1431370178/616x510.jpg">https://content.wdl.org/12961/thumbnail/1431370178/616x510.jpg</a>
Link text CoverImage
Access method نرجو الانتباه لإمكانية وجود اختلاف في الطبعة أو الناشر بين البيانات على البوابة وما ستجده على الكتاب نظرا لمحدودية المعلومات المتاحة على الموقع الناشر للمادة.
Materials specified Please note that there may be a difference in the edition or publisher between the data on the portal and the book due to the limited information available on the publisher website for the material.
942 ## - ADDED ENTRY ELEMENTS (KOHA)
Source of classification or shelving scheme Dewey Decimal Classification
Koha item type كتاب مصور نادر
Suppress in OPAC No
949 ## - LOCAL PROCESSING INFORMATION (OCLC)
a SA-JeALM
d 260107
u mohamedma123
n 1
Holdings
Withdrawn status Lost status Source of classification or shelving scheme Materials specified (bound volume or other part) Damaged status Not for loan Home library Current library Date acquired Total checkouts Full call number Barcode Date last seen Price effective from Koha item type
    Dewey Decimal Classification الجزء العاشر     DR AbdElwahab Library DR AbdElwahab Library 01/23/2026   م ن 953.001 ن ب هـ 000022588 01/23/2026 01/23/2026 كتاب مصور نادر
    Dewey Decimal Classification الجزء الثامن     DR AbdElwahab Library DR AbdElwahab Library 02/11/2026   م ن 953.001 ن ب ه 000022733 02/11/2026 02/11/2026 كتاب مصور نادر
    Dewey Decimal Classification       DR AbdElwahab Library DR AbdElwahab Library 03/07/2026   م ن 953.001 ن ب هـ 000022999 03/07/2026 03/07/2026 كتاب مصور نادر